| 000 | 00863nas a2200277 4500 | ||
|---|---|---|---|
| 001 | BR0604158 | ||
| 003 | BR-BrBNA | ||
| 005 | 20231205110410.0 | ||
| 007 | ta | ||
| 008 | 230509b bl.|||p| |||| 00| 00por d | ||
| 040 |
_aBR-BrBNA _bpor _cBiblioteca Nacional de Agricultura |
||
| 041 | _a(Pt) | ||
| 072 | _aH50; F61 | ||
| 100 | 1 | _aPartelli, F.L. | |
| 100 | 1 | _aVieira, H.D. | |
| 100 | 1 | _aMonnerat, P.H. | |
| 100 | 1 | _aViana, A.P. | |
| 245 | 1 | _aComparação de dois métodos DRIS para o diagnóstico de deficiências nutricionais do cafeeiro | |
| 650 | _aCAFÉ | ||
| 650 | _aDEFICIÊNCIA NUTRICIONAL | ||
| 650 | _aANÁLISE FOLIAR | ||
| 650 | _aNUTRIÇÃO MINERAL | ||
| 773 | 0 |
_tPesquisa Agropecuária Brasileira (Brazil) _xISSN 0100-204X _g(Feb 2006), v. 41(2) p. 301-306 _wBR0604158 |
|
| 909 |
_a202311 _bLúcia _c55 _dLúcia Elande |
||
| 942 |
_2AGRIS _n0 _cANA |
||
| 999 |
_c187241 _d187241 |
||